[Event "VIII Festival A"]
[Site "Cesenatico ITA"]
[Date "2003.09.02"]
[Round "3"]
[White "Brancaleoni, Maurizio"]
[Black "Roeder, Matthias"]
[Result "0-1"]
[WhiteElo "2298"]
[BlackElo "2451"]
[PlyCount "60"]
[EventDate "2003.08.31"]

1. d4 Nf6 2. c4 e6 3. Nc3 Bb4 4. Nf3 b6 5. Bg5 h6 6. Bh4 Bb7 7. Nd2 Qe7 8. a3
Bxc3 9. bxc3 g5 10. Bg3 d6 11. f3 Nbd7 12. e4 Nh5 13. Bf2 f5 14. Qe2 Nf4 15.
Qe3 fxe4 16. fxe4 Nf6 17. h3 e5 18. d5 g4 19. a4 gxh3 20. gxh3 O-O 21. Kd1 a5
22. Be2 Kh7 23. Kc2 Bc8 24. Kb2 Bd7 25. Bd1 Rg8 26. Bc2 N6h5 27. Nf3 Ng2 28.
Qd2 Raf8 29. Nh4 Nxh4 30. Bd1 Rxf2 0-1

[Event "VIII Festival A"]
[Site "Cesenatico ITA"]
[Date "2003.09.02"]
[Round "3"]
[White "Costantini, Roberto"]
[Black "Maahs, Erich"]
[Result "1-0"]
[WhiteElo "2334"]
[BlackElo "2201"]
[PlyCount "85"]
[EventDate "2003.08.31"]

1. e4 d5 2. exd5 Nf6 3. Nc3 Nxd5 4. Bc4 Be6 5. Qf3 c6 6. Nh3 Nc7 7. d3 Bxc4 8.
dxc4 e5 9. O-O Nd7 10. Qg3 f6 11. Kh1 Ne6 12. f4 Qa5 13. Qg4 Nc7 14. Be3 O-O-O
15. fxe5 h5 16. Qf5 Qxe5 17. Qxe5 Nxe5 18. Bxa7 Nxc4 19. b3 Bb4 20. Na4 Nb5 21.
Bf2 Ne5 22. Nf4 g5 23. Ne6 Rd6 24. Nec5 h4 25. c4 Nc7 26. Ne4 Re6 27. Bc5 Ng4
28. Nxg5 fxg5 29. Bxb4 h3 30. Rae1 hxg2+ 31. Kxg2 Ne3+ 32. Rxe3 Rxe3 33. Nb6+
Kb8 34. Bd6 Rd3 35. c5 Rd8 36. Rf7 R8xd6 37. cxd6 Rxd6 38. Rf8+ Ne8 39. Rxe8+
Kc7 40. Nc4 Rd5 41. Re7+ Kb8 42. Re2 b5 43. Ne5 1-0

[Event "VIII Festival A"]
[Site "Cesenatico ITA"]
[Date "2003.09.02"]
[Round "3"]
[White "Emami, Madjid"]
[Black "Voltolini, Giuseppe"]
[Result "1/2-1/2"]
[WhiteElo "2072"]
[BlackElo "2254"]
[PlyCount "79"]
[EventDate "2003.08.31"]

1. Nf3 Nf6 2. g3 g6 3. Bg2 Bg7 4. O-O d6 5. d3 O-O 6. e4 c5 7. Nbd2 Nc6 8. c3
Rb8 9. Ne1 b5 10. f4 Bd7 11. Ndf3 b4 12. c4 Qc8 13. Nc2 a5 14. Ne3 Ng4 15. Rb1
Nxe3 16. Bxe3 Bg4 17. Qd2 Rd8 18. Rf2 a4 19. Rbf1 a3 20. b3 Bc3 21. Qc1 Rf8 22.
f5 Bxf3 23. Bxf3 Bd4 24. Bxd4 Nxd4 25. Bd1 f6 26. fxg6 hxg6 27. Qh6 Qe8 28. Rf4
Qf7 29. Rg4 Qh7 30. Rxg6+ Kh8 31. Qxh7+ Kxh7 32. Rg4 Rh8 33. Kg2 Rbg8 34. Rh4+
Kg6 35. Rg4+ Kf7 36. Rxg8 Kxg8 37. g4 Kg7 38. Kg3 Kg6 39. h4 Rh6 40. Rf2
1/2-1/2

[Event "VIII Festival A"]
[Site "Cesenatico ITA"]
[Date "2003.09.02"]
[Round "3"]
[White "Lagrotteria, Salvatore"]
[Black "Benincasa, Marco"]
[Result "1-0"]
[WhiteElo "2175"]
[BlackElo "1989"]
[PlyCount "57"]
[EventDate "2003.08.31"]

1. d4 Nf6 2. c4 c5 3. Nf3 b6 4. Nc3 Bb7 5. d5 d6 6. e4 e5 7. dxe6 fxe6 8. Bd3
e5 9. Bc2 Be7 10. Ba4+ Bc6 11. Bg5 Bxa4 12. Qxa4+ Qd7 13. Qd1 Nc6 14. Bxf6 Bxf6
15. Qd5 Ke7 16. a3 Rhe8 17. Rd1 Nd4 18. Nxd4 exd4 19. Ne2 Qe6 20. Nf4 Qg4 21.
g3 Qf3 22. O-O Be5 23. Ne6 Rac8 24. Ng5 Qh5 25. f4 Bf6 26. Qe6+ Kf8 27. Qxd6+
Kg8 28. Qd5+ Kf8 29. Ne6+ 1-0

[Event "VIII Festival A"]
[Site "Cesenatico ITA"]
[Date "2003.09.02"]
[Round "3"]
[White "Maio, Matteo"]
[Black "Popa, Claudiu"]
[Result "0-1"]
[WhiteElo "2060"]
[BlackElo "2148"]
[PlyCount "96"]
[EventDate "2003.08.31"]

1. d4 d5 2. c4 dxc4 3. e3 e6 4. Bxc4 Nf6 5. Nf3 c5 6. O-O a6 7. a4 Nc6 8. Nc3
Be7 9. dxc5 Qxd1 10. Rxd1 Bxc5 11. Nd2 Ke7 12. Nde4 Nxe4 13. Nxe4 Bb4 14. Bd2
Bd7 15. Be2 Rhd8 16. Bf3 Bxd2 17. Nxd2 b5 18. axb5 axb5 19. Rxa8 Rxa8 20. Rc1
Rc8 21. Be2 Nd4 22. Rxc8 Nxe2+ 23. Kf1 Ng3+ 24. hxg3 Bxc8 25. Ke2 Bb7 26. f3
Kd6 27. g4 Kc5 28. Kd3 f6 29. Kc3 b4+ 30. Kc2 f5 31. gxf5 exf5 32. Nb3+ Kd5 33.
Nd4 f4 34. Kd2 Bc6 35. Nc2 fxe3+ 36. Nxe3+ Ke5 37. g3 Bb7 38. Nc2 b3 39. Ne1
Kd4 40. Ke2 Ba6+ 41. Kf2 h5 42. f4 Ke4 43. Nf3 Kd3 44. g4 hxg4 45. Ne5+ Kc2 46.
Nxg4 Kxb2 47. Ne3 Kc1 48. Nd5 b2 0-1

[Event "VIII Festival A"]
[Site "Cesenatico ITA"]
[Date "2003.09.02"]
[Round "3"]
[White "Molina, Fabrizio"]
[Black "Barucco, Mattia"]
[Result "1-0"]
[WhiteElo "2249"]
[BlackElo "2104"]
[PlyCount "65"]
[EventDate "2003.08.31"]

1. c4 e5 2. g3 g6 3. Bg2 Bg7 4. Nc3 d6 5. d3 c6 6. Rb1 Ne7 7. e4 O-O 8. Nge2
Be6 9. O-O Nd7 10. b3 f5 11. d4 Nf6 12. d5 cxd5 13. exd5 Bf7 14. h3 h6 15. f4
e4 16. Be3 b6 17. Qd2 Kh7 18. Bd4 Neg8 19. a4 Nd7 20. Bxg7 Kxg7 21. Rfd1 Qf6
22. Qe3 Nc5 23. Nd4 a5 24. Bf1 Ne7 25. Be2 Bg8 26. h4 Bf7 27. b4 axb4 28. Rxb4
Rfb8 29. Rdb1 Nc8 30. Nc6 Rb7 31. a5 Ra6 32. Na4 Nxa4 33. Rxa4 1-0

[Event "VIII Festival A"]
[Site "Cesenatico ITA"]
[Date "2003.09.02"]
[Round "3"]
[White "Pircher, Karl"]
[Black "Yeuillaz, Corrado"]
[Result "1/2-1/2"]
[WhiteElo "2040"]
[BlackElo "2192"]
[PlyCount "25"]
[EventDate "2003.08.31"]

1. d4 d5 2. c4 c6 3. Nc3 Nf6 4. Nf3 e6 5. Bg5 Nbd7 6. e3 Qa5 7. Nd2 Bb4 8. Qc2
dxc4 9. Bxf6 Nxf6 10. Nxc4 Qg5 11. a3 Be7 12. b4 O-O 13. g3 1/2-1/2

[Event "VIII Festival A"]
[Site "Cesenatico ITA"]
[Date "2003.09.02"]
[Round "3"]
[White "Pozzi, Enrico"]
[Black "Naumkin, Igor"]
[Result "1/2-1/2"]
[WhiteElo "2205"]
[BlackElo "2406"]
[PlyCount "25"]
[EventDate "2003.08.31"]

1. e4 e5 2. Nf3 Nc6 3. Bc4 Bc5 4. c3 Nf6 5. d3 d6 6. Nbd2 a6 7. Bb3 O-O 8. O-O
Ba7 9. h3 Ne7 10. Re1 Ng6 11. Nf1 h6 12. d4 Re8 13. Ng3 1/2-1/2

[Event "VIII Festival A"]
[Site "Cesenatico ITA"]
[Date "2003.09.02"]
[Round "3"]
[White "Schuster, Karsten"]
[Black "Mueller, Martin"]
[Result "0-1"]
[WhiteElo "2246"]
[BlackElo "2074"]
[PlyCount "60"]
[EventDate "2003.08.31"]

1. d4 Nf6 2. c4 g6 3. Nc3 Bg7 4. e4 d6 5. Be2 O-O 6. Bg5 c5 7. d5 e6 8. Qd2
exd5 9. exd5 a6 10. a4 Qa5 11. Nf3 b5 12. cxb5 axb5 13. Bxb5 Ba6 14. Ra3 Nbd7
15. O-O Qb4 16. Qd3 Bxb5 17. Nxb5 c4 18. Qd2 Rxa4 19. Rxa4 Qxa4 20. Nc3 Qa6 21.
h3 Nc5 22. Qf4 Nd3 23. Qh4 Nd7 24. Be7 Re8 25. Ne4 N7e5 26. Nxe5 dxe5 27. d6
Qc6 28. Nf6+ Bxf6 29. Qxf6 Nf4 30. Qxe5 Qxg2# 0-1

[Event "VIII Festival A"]
[Site "Cesenatico ITA"]
[Date "2003.09.02"]
[Round "3"]
[White "Szirmai, Emil"]
[Black "Di Caro, Calogero"]
[Result "0-1"]
[WhiteElo "2094"]
[BlackElo "2221"]
[PlyCount "62"]
[EventDate "2003.08.31"]

1. e4 e6 2. d4 d5 3. exd5 exd5 4. Bd3 Nc6 5. c3 Bd6 6. Be3 Nge7 7. Qf3 Be6 8.
h3 Qd7 9. Ne2 O-O-O 10. Nf4 Bf5 11. Bxf5 Qxf5 12. g4 Qc2 13. Qe2 Qxe2+ 14. Kxe2
Bxf4 15. Bxf4 h5 16. Nd2 Ng6 17. Bg3 Rde8+ 18. Kd3 Nd8 19. Rae1 h4 20. Bh2 Ne6
21. Kc2 Nef4 22. Bxf4 Nxf4 23. Re3 Ng2 24. Rxe8+ Rxe8 25. Kd1 g5 26. Nf1 Re1+
27. Kd2 Ra1 28. a3 Nf4 29. Kc2 Re1 30. Kb3 Nd3 31. Ka2 Nxf2 0-1

[Event "VIII Festival A"]
[Site "Cesenatico ITA"]
[Date "2003.09.02"]
[Round "3"]
[White "Tomescu, Vlad"]
[Black "Gromovs, Sergejs"]
[Result "1-0"]
[WhiteElo "2427"]
[BlackElo "2345"]
[PlyCount "119"]
[EventDate "2003.08.31"]

1. e4 c5 2. Nf3 d6 3. d4 cxd4 4. Qxd4 Nc6 5. Bb5 Bd7 6. Bxc6 Bxc6 7. Nc3 e5 8.
Qd3 Be7 9. O-O Nf6 10. Bg5 O-O 11. Bxf6 Bxf6 12. Rad1 Qb6 13. b3 Qa5 14. a4
Rac8 15. Nd2 Rfd8 16. Nc4 Qc5 17. Nd5 Bxd5 18. Qxd5 Qb4 19. Qb5 Qxb5 20. axb5
Rc5 21. Rd5 Rxd5 22. exd5 b6 23. Ra1 Rd7 24. Ra4 g6 25. Nd2 Kg7 26. Rc4 Bg5 27.
Ne4 Be7 28. Rc6 f5 29. Nd2 e4 30. Kf1 Kf6 31. Nc4 g5 32. Rc8 Bd8 33. Ke2 h5 34.
h3 h4 35. f3 exf3+ 36. Kxf3 Bc7 37. Rf8+ Rf7 38. Ra8 Re7 39. Rxa7 f4 40. Ra8
Re1 41. Rc8 Re7 42. Kg4 Re2 43. Kf3 Re7 44. Rf8+ Kg6 45. Rg8+ Kf5 46. Nd2 Rd7
47. Ne4 Bd8 48. c4 Be7 49. Rg7 Ke5 50. Rf7 Kd4 51. Nxd6 Rxd6 52. Rxe7 Rd8 53.
Re6 Rb8 54. Rc6 Re8 55. d6 Re3+ 56. Kf2 Rd3 57. c5 Ke4 58. cxb6 Rd2+ 59. Ke1
Rd3 60. b7 1-0

[Event "VIII Festival A"]
[Site "Cesenatico ITA"]
[Date "2003.09.02"]
[Round "3"]
[White "Weinberg, Emanuele"]
[Black "Welker, Michael"]
[Result "0-1"]
[WhiteElo "1937"]
[BlackElo "2154"]
[PlyCount "68"]
[EventDate "2003.08.31"]

1. d4 d5 2. Nf3 Bf5 3. c4 e6 4. g3 Nc6 5. cxd5 Qxd5 6. Nc3 Bb4 7. Bd2 Bxc3 8.
Bxc3 Nf6 9. Bg2 Be4 10. O-O Rd8 11. e3 O-O 12. Nh4 Bxg2 13. Nxg2 e5 14. dxe5
Nxe5 15. Qxd5 Rxd5 16. Nf4 Rc5 17. Bb4 Rc2 18. Bxf8 Kxf8 19. b3 g5 20. Nh3 g4
21. Nf4 c6 22. Kg2 Ne4 23. h3 h5 24. h4 Nf3 25. a3 Nfd2 26. Rfc1 Rb2 27. b4 Nb3
28. Nd3 Rd2 29. Rd1 Nxa1 30. Rxd2 Nxd2 31. Nc5 b6 32. Nd7+ Kg7 33. Ne5 c5 34.
bxc5 bxc5 0-1

[Event "VIII Festival A"]
[Site "Cesenatico ITA"]
[Date "2003.09.02"]
[Round "4"]
[White "Bucher, Michael"]
[Black "Pircher, Karl"]
[Result "1/2-1/2"]
[WhiteElo "2168"]
[BlackElo "2040"]
[PlyCount "56"]
[EventDate "2003.08.31"]

1. d4 d5 2. c4 e6 3. Nc3 Be7 4. Nf3 Nf6 5. Bg5 O-O 6. e3 h6 7. Bh4 b6 8. Bd3
Bb7 9. O-O Nbd7 10. Qe2 c5 11. Rfd1 Ne4 12. Bg3 Nxg3 13. hxg3 cxd4 14. exd4
dxc4 15. Bxc4 Nf6 16. Ne5 Nd5 17. Rac1 Rc8 18. Bb3 Bb4 19. Nxd5 Bxd5 20. Bc2
Qe7 21. Qd3 g6 22. Bb1 Kg7 23. Qe3 Bd6 24. a3 Qb7 25. Ng4 Rh8 26. Rxc8 Qxc8 27.
Rc1 Qb7 28. Qc3 Rd8 1/2-1/2

[Event "VIII Festival A"]
[Site "Cesenatico ITA"]
[Date "2003.09.02"]
[Round "4"]
[White "Burani, Eugenio"]
[Black "Schuster, Karsten"]
[Result "0-1"]
[WhiteElo "2052"]
[BlackElo "2246"]
[PlyCount "38"]
[EventDate "2003.08.31"]

1. e4 c6 2. d4 d5 3. Nc3 dxe4 4. Nxe4 Nd7 5. Bc4 Ngf6 6. Ng5 e6 7. Qe2 Nb6 8.
Bb3 h6 9. N5f3 c5 10. dxc5 Bxc5 11. Be3 Bxe3 12. Qxe3 Nbd5 13. Qd4 Qa5+ 14. c3
Bd7 15. Ne5 Rd8 16. Ngf3 Bb5 17. Nc4 Qa6 18. Qc5 Ne4 19. Qd4 Ndf6 0-1

[Event "VIII Festival A"]
[Site "Cesenatico ITA"]
[Date "2003.09.02"]
[Round "4"]
[White "Cetkovic, Sergio"]
[Black "Bonacci, Mauro"]
[Result "0-1"]
[WhiteElo "2128"]
[BlackElo "2194"]
[PlyCount "90"]
[EventDate "2003.08.31"]

1. d4 Nf6 2. Nf3 g6 3. Bg5 Bg7 4. Nbd2 h6 5. Bh4 c5 6. e3 Nc6 7. c3 b6 8. Bd3
d6 9. O-O O-O 10. Qe2 Bb7 11. Rad1 Qc7 12. e4 e5 13. d5 Ne7 14. Bxf6 Bxf6 15.
h3 Bc8 16. g4 g5 17. Ne1 Ng6 18. Ng2 a6 19. Rfe1 b5 20. Nf1 Nf4 21. Qf3 h5 22.
Nfe3 Kg7 23. Nxf4 exf4 24. Nf5+ Bxf5 25. gxf5 Qe7 26. Qxh5 Rh8 27. Qf3 Rh4 28.
Kg2 Rah8 29. Rh1 c4 30. Bb1 Qe5 31. a3 Bd8 32. Rdg1 Kf8 33. Kf1 a5 34. Rg4 b4
35. axb4 axb4 36. Kg2 Bf6 37. Bc2 bxc3 38. bxc3 Rxg4+ 39. hxg4 Rxh1 40. Kxh1
Qxc3 41. Qxc3 Bxc3 42. Kg2 Ke7 43. Kf3 Kf6 44. Ba4 Ke5 45. f6 Kd4 0-1

[Event "VIII Festival A"]
[Site "Cesenatico ITA"]
[Date "2003.09.02"]
[Round "4"]
[White "Di Caro, Calogero"]
[Black "Pozzi, Enrico"]
[Result "1-0"]
[WhiteElo "2221"]
[BlackElo "2205"]
[PlyCount "101"]
[EventDate "2003.08.31"]

1. Nf3 g6 2. c4 Bg7 3. d4 d6 4. Nc3 Nf6 5. e4 O-O 6. Be2 c6 7. O-O Qc7 8. Rb1
Nbd7 9. Re1 e5 10. d5 a5 11. Bg5 h6 12. Bh4 Nc5 13. Nd2 Ne8 14. f3 Bf6 15. Bxf6
Nxf6 16. b3 Bd7 17. Kh1 Rfe8 18. Rc1 Na6 19. Rf1 g5 20. g3 Nh7 21. f4 f6 22.
Bg4 Rf8 23. Bxd7 Qxd7 24. Qh5 Kg7 25. Nd1 Qf7 26. Qh3 gxf4 27. gxf4 exf4 28.
Rxf4 Ng5 29. Qh4 Rae8 30. Ne3 Re5 31. Rg1 Nc5 32. Nf3 Qg6 33. Nxe5 dxe5 34.
Rfg4 Kh7 35. Nf5 Ncxe4 36. Ne7 Qf7 37. Rxe4 Qxe7 38. Re3 Qd7 39. Qg3 Qf5 40. h4
cxd5 41. hxg5 hxg5 42. Qh3+ Kg6 43. Qxf5+ Kxf5 44. cxd5 Kf4 45. Rc3 g4 46. Kg2
Rd8 47. Rd1 Rd6 48. Rc7 f5 49. Re7 e4 50. Re6 Rd8 51. Rf1+ 1-0

[Event "VIII Festival A"]
[Site "Cesenatico ITA"]
[Date "2003.09.02"]
[Round "4"]
[White "Forno, Roberto"]
[Black "Lagrotteria, Salvatore"]
[Result "0-1"]
[WhiteElo "2064"]
[BlackElo "2175"]
[PlyCount "70"]
[EventDate "2003.08.31"]

1. d4 d6 2. Nf3 g6 3. e4 Bg7 4. Nc3 Nf6 5. Bg5 Bg4 6. h3 Bxf3 7. Qxf3 c6 8.
O-O-O Qa5 9. h4 Nbd7 10. Kb1 a6 11. Bc4 b5 12. Bb3 O-O 13. h5 b4 14. Bxf6 Nxf6
15. hxg6 bxc3 16. gxf7+ Rxf7 17. e5 Nd5 18. Qh3 h6 19. exd6 exd6 20. Rd3 Re8
21. bxc3 Qd8 22. Rg3 Kf8 23. c4 Nf4 24. Qg4 Qf6 25. Re3 Rb8 26. c3 c5 27. Rf3
Qg6+ 28. Qxg6 Nxg6 29. Rxf7+ Kxf7 30. g3 Nf8 31. Kc2 Ne6 32. d5 Ng5 33. Rh4 Re8
34. Kd3 Re1 35. Kd2 Nf3+ 0-1

[Event "VIII Festival A"]
[Site "Cesenatico ITA"]
[Date "2003.09.02"]
[Round "4"]
[White "Freuler, Roman"]
[Black "Brancaleoni, Maurizio"]
[Result "1/2-1/2"]
[WhiteElo "2121"]
[BlackElo "2298"]
[PlyCount "87"]
[EventDate "2003.08.31"]

1. e4 d6 2. d4 Nf6 3. Nc3 Nbd7 4. Nf3 e5 5. Bc4 Be7 6. O-O O-O 7. Re1 c6 8. a4
a5 9. h3 Qc7 10. Ba2 Nb6 11. Be3 Nfd7 12. Qe2 exd4 13. Bxd4 Ne5 14. Rad1 Be6
15. Bxe6 Nxf3+ 16. Qxf3 fxe6 17. Qg3 e5 18. Be3 Rf6 19. b3 Raf8 20. Qg4 Kh8 21.
Rf1 Nd7 22. Qe2 R6f7 23. Qc4 Qc8 24. Ne2 Nf6 25. Ng3 d5 26. exd5 cxd5 27. Qxc8
Rxc8 28. Bg5 d4 29. Rfe1 h6 30. Bd2 Nd7 31. Bxa5 Rxc2 32. Rd2 Rc6 33. Rdd1 Rc2
34. Rd2 Rc6 35. Rdd1 Rf8 36. Rc1 Rfc8 37. Rxc6 Rxc6 38. f4 Bf6 39. fxe5 Nxe5
40. Ne4 Bh4 41. Rd1 Rg6 42. Bc7 Nc6 43. b4 Nxb4 44. Rxd4 1/2-1/2

[Event "VIII Festival A"]
[Site "Cesenatico ITA"]
[Date "2003.09.02"]
[Round "4"]
[White "Gromovs, Sergejs"]
[Black "Welker, Michael"]
[Result "0-1"]
[WhiteElo "2345"]
[BlackElo "2154"]
[PlyCount "117"]
[EventDate "2003.08.31"]

1. d4 d5 2. Nf3 Bf5 3. c4 e6 4. Nc3 Nc6 5. a3 Nf6 6. Bg5 Be7 7. e3 O-O 8. Rc1
Ne4 9. Bf4 Nxc3 10. Rxc3 a6 11. cxd5 exd5 12. Bd3 Bxd3 13. Qxd3 Bd6 14. Ng5 g6
15. Bxd6 Qxd6 16. h4 h6 17. Nf3 Rae8 18. Rh3 Re4 19. Kf1 f5 20. Nd2 Re6 21. f4
h5 22. Nb3 Nd8 23. Nc5 Re7 24. Rg3 Kh7 25. Qc2 c6 26. b4 Rf6 27. Nd3 Nf7 28.
Ne5 Nh6 29. Rg5 Nf7 30. Rg3 Nh6 31. Rg5 Nf7 32. Rc5 Nxg5 33. hxg5 Rf8 34. a4
Ra8 35. Kg1 Qd8 36. g4 Rxe5 37. dxe5 fxg4 38. Qc3 Qd7 39. Qd3 g3 40. Kg2 Qg4
41. Rc1 Kg7 42. Rh1 h4 43. e6 Rh8 44. Qd4+ Kg8 45. e7 h3+ 46. Kf1 g2+ 47. Kf2
gxh1=N+ 48. Ke1 Qe6 49. Qf6 Qf7 50. f5 gxf5 51. Qd6 h2 52. Qb8+ Kg7 53. Qe5+
Kg6 54. Qxh8 Qxe7 55. Qh6+ Kf7 56. Qh7+ Ke8 57. g6 Qxe3+ 58. Kd1 Nf2+ 59. Kc2
0-1

[Event "VIII Festival A"]
[Site "Cesenatico ITA"]
[Date "2003.09.02"]
[Round "4"]
[White "Maahs, Erich"]
[Black "Emami, Madjid"]
[Result "1-0"]
[WhiteElo "2201"]
[BlackElo "2072"]
[PlyCount "135"]
[EventDate "2003.08.31"]

1. e4 c6 2. Bc4 d5 3. Bb3 dxe4 4. Qh5 e6 5. Nc3 Nf6 6. Qh4 Nbd7 7. Nxe4 Nxe4 8.
Qxe4 Nc5 9. Qe2 Nxb3 10. axb3 Be7 11. Nf3 O-O 12. d4 c5 13. Be3 cxd4 14. Bxd4
a6 15. O-O Qc7 16. Rfd1 f6 17. c4 e5 18. Bc3 Bg4 19. Qe4 Bxf3 20. Qxf3 Rfd8 21.
Ba5 b6 22. Bc3 a5 23. Rd5 Rab8 24. Rad1 Rxd5 25. Rxd5 Rd8 26. g4 Rxd5 27. Qxd5+
Kf8 28. g5 Qd6 29. gxf6 gxf6 30. Qf3 Qe6 31. Qe4 Qg8+ 32. Kf1 Qg6 33. Qa8+ Kf7
34. Qd5+ Kf8 35. h3 Bc5 36. Qd8+ Kf7 37. Qd7+ Kf8 38. Bxa5 Qb1+ 39. Be1 Qxb2
40. b4 Bxb4 41. Qd8+ Kf7 42. Qxb6 Ba3 43. Qc7+ Kg6 44. Qc8 Kg7 45. Qd7+ Kg6 46.
Qd3+ Kg7 47. Bd2 Bc5 48. Qg3+ Kf7 49. Qd3 Kg7 50. Be3 Bxe3 51. fxe3 Qb7 52. Kf2
Qh1 53. Qd7+ Kh6 54. c5 Qh2+ 55. Ke1 Qg1+ 56. Ke2 Qg2+ 57. Kd3 Qf1+ 58. Kc3
Qc1+ 59. Kb4 Qb2+ 60. Kc4 Qa2+ 61. Kb5 Qb3+ 62. Ka6 Qa3+ 63. Kb6 Qb3+ 64. Kc7
Qxe3 65. c6 Qc5 66. Qd6 Qa7+ 67. Kd8 Qb6+ 68. Ke7 {...} 1-0

[Event "VIII Festival A"]
[Site "Cesenatico ITA"]
[Date "2003.09.02"]
[Round "4"]
[White "Popa, Claudiu"]
[Black "Molina, Fabrizio"]
[Result "1-0"]
[WhiteElo "2148"]
[BlackElo "2249"]
[PlyCount "66"]
[EventDate "2003.08.31"]

1. e4 d6 2. d4 Nf6 3. Bd3 Nbd7 4. f4 e5 5. c3 c6 6. Nf3 Be7 7. O-O O-O 8. Qe2
Re8 9. fxe5 dxe5 10. Bg5 h6 11. Bh4 Nh5 12. Bxe7 Qxe7 13. g3 g6 14. Nbd2 Kg7
15. Rae1 a6 16. Nc4 f6 17. Nh4 b5 18. Ne3 Nf8 19. Nef5+ gxf5 20. Qxh5 exd4 21.
exf5 Qxe1 22. Qg4+ Kh7 23. Rxe1 Rxe1+ 24. Kf2 Re8 25. Qxd4 Nd7 26. Qd6 Ne5 27.
Ng2 Nxd3+ 28. Qxd3 Ra7 29. Qd6 Rf7 30. Qxc6 Bd7 31. Qd5 Kg7 32. g4 a5 33. Nf4
33... Re5 {...} 1-0

[Event "VIII Festival A"]
[Site "Cesenatico ITA"]
[Date "2003.09.02"]
[Round "4"]
[White "Roeder, Matthias"]
[Black "Tomescu, Vlad"]
[Result "1/2-1/2"]
[WhiteElo "2451"]
[BlackElo "2427"]
[PlyCount "29"]
[EventDate "2003.08.31"]

1. d4 d5 2. c4 e6 3. Nf3 Nf6 4. Nc3 c6 5. e3 Nbd7 6. Qc2 Be7 7. Be2 O-O 8. O-O
b6 9. b3 Bb7 10. Bb2 Qc7 11. Rac1 Rac8 12. Qb1 Qb8 13. Rfd1 Rfd8 14. h3 dxc4
15. Bxc4 1/2-1/2

[Event "VIII Festival A"]
[Site "Cesenatico ITA"]
[Date "2003.09.02"]
[Round "4"]
[White "Voltolini, Giuseppe"]
[Black "Pace, Roberto"]
[Result "1-0"]
[WhiteElo "2254"]
[BlackElo "2067"]
[PlyCount "49"]
[EventDate "2003.08.31"]

1. e4 e5 2. Nf3 Nc6 3. Nc3 Be7 4. Bb5 d6 5. d4 exd4 6. Nxd4 Bd7 7. Bxc6 bxc6 8.
O-O Nf6 9. Qf3 O-O 10. Nf5 Ne8 11. b3 Bf6 12. Bb2 Qc8 13. Ne3 Be5 14. Nc4 Bf6
15. Rae1 Bg5 16. Qd3 f5 17. e5 d5 18. Na5 g6 19. e6 Bxe6 20. Nxc6 Qd7 21. Ne5
Qd6 22. Nb5 Qb6 23. Nd4 Bh6 24. Nxe6 Qxe6 25. Ng4 1-0

[Event "VIII Festival A"]
[Site "Cesenatico ITA"]
[Date "2003.09.02"]
[Round "4"]
[White "Yeuillaz, Corrado"]
[Black "Maio, Matteo"]
[Result "1/2-1/2"]
[WhiteElo "2192"]
[BlackElo "2060"]
[PlyCount "86"]
[EventDate "2003.08.31"]

1. e4 c5 2. Nf3 e6 3. d4 cxd4 4. Nxd4 Nc6 5. Nxc6 bxc6 6. Bd3 d5 7. Qe2 Nf6 8.
Nd2 Qc7 9. O-O Bd6 10. h3 O-O 11. Re1 e5 12. c4 d4 13. Nf1 Nd7 14. Ng3 Nc5 15.
Qc2 f6 16. Bd2 a5 17. Be2 Ne6 18. Red1 c5 19. Bg4 g6 20. Re1 h5 21. Bf3 Bd7 22.
h4 Rab8 23. a4 Rf7 24. Ra3 Qb6 25. Bc1 Bf8 26. Bd1 Rh7 27. Rf3 Bg7 28. Ne2 Nc7
29. Rb3 Qxb3 30. Qxb3 Rxb3 31. Bxb3 Na6 32. Bd2 Nb4 33. Nc1 Nc6 34. Bc2 Be6 35.
b3 Bf8 36. Nd3 Rb7 37. f3 Bd6 38. Kf2 Kf7 39. Bd1 Kg7 40. g3 Kf7 41. Kg2 Kg7
42. Bc2 Ra7 43. Bc1 Nb4 1/2-1/2

[Event "VIII Festival A"]
[Site "Cesenatico ITA"]
[Date "2003.09.03"]
[Round "5"]
[White "Bonugli, Carlo"]
[Black "Bucher, Michael"]
[Result "1-0"]
[WhiteElo "2047"]
[BlackElo "2168"]
[PlyCount "79"]
[EventDate "2003.08.31"]

1. e4 c6 2. d3 e5 3. Nf3 g6 4. g3 Bg7 5. Bg2 Ne7 6. O-O O-O 7. Nbd2 d6 8. c3
Nd7 9. d4 Qc7 10. Re1 Re8 11. Nf1 exd4 12. cxd4 c5 13. Ne3 Nc6 14. Nd5 Qd8 15.
Bf4 Nb6 16. dxc5 Nxd5 17. exd5 Rxe1+ 18. Qxe1 Ne7 19. Bxd6 Nf5 20. Bf4 Qxd5 21.
Qe8+ Bf8 22. Ng5 Qd7 23. Qxd7 Bxd7 24. Bxb7 Re8 25. Bd5 Be6 26. Bxe6 fxe6 27.
Rc1 Nd4 28. Kf1 e5 29. Be3 Bh6 30. Ne4 Bxe3 31. fxe3 Rf8+ 32. Kg2 Nc6 33. Rd1
Rb8 34. Rd2 Kf8 35. Kf3 Ke7 36. Nc3 Na5 37. b3 Nc6 38. Rd6 Rc8 39. Nd5+ Kf8 40.
b4 1-0

[Event "VIII Festival A"]
[Site "Cesenatico ITA"]
[Date "2003.09.03"]
[Round "5"]
[White "Cioara, Andrei Nestor"]
[Black "Bonacci, Mauro"]
[Result "1-0"]
[WhiteElo "2394"]
[BlackElo "2194"]
[PlyCount "47"]
[EventDate "2003.08.31"]

1. e4 c5 2. Nf3 d6 3. d4 cxd4 4. Nxd4 Nf6 5. Nc3 a6 6. Be3 e5 7. Nb3 Be6 8. Qd2
Be7 9. f3 Nbd7 10. g4 Nb6 11. g5 Nfd7 12. O-O-O Rc8 13. Kb1 Qc7 14. h4 Nc4 15.
Bxc4 Bxc4 16. h5 a5 17. g6 Nf6 18. Bg5 a4 19. Nxa4 b5 20. Bxf6 bxa4 21. Bxg7
Bxb3 22. cxb3 axb3 23. Rc1 Qa7 24. a3 1-0

[Event "VIII Festival A"]
[Site "Cesenatico ITA"]
[Date "2003.09.03"]
[Round "5"]
[White "Costantini, Roberto"]
[Black "Di Caro, Calogero"]
[Result "1/2-1/2"]
[WhiteElo "2334"]
[BlackElo "2221"]
[PlyCount "37"]
[EventDate "2003.08.31"]

1. e4 e6 2. Qe2 Be7 3. g3 d5 4. d3 Nf6 5. Bg2 b6 6. e5 Nfd7 7. c4 c6 8. h4 dxc4
9. d4 Bb7 10. Nc3 Na6 11. a3 Nc7 12. Qg4 O-O 13. Bh6 Ne8 14. Bg5 Rb8 15. Nf3
Kh8 16. Rd1 Nc7 17. O-O Nd5 18. Ne4 Qe8 19. Rfe1 1/2-1/2

[Event "VIII Festival A"]
[Site "Cesenatico ITA"]
[Date "2003.09.03"]
[Round "5"]
[White "Dragojlovic, Andjelko"]
[Black "Roeder, Matthias"]
[Result "1/2-1/2"]
[WhiteElo "2312"]
[BlackElo "2451"]
[PlyCount "21"]
[EventDate "2003.08.31"]

1. e4 c5 2. Nf3 d6 3. c3 Nf6 4. Be2 Bd7 5. d3 Bc6 6. O-O Nbd7 7. Re1 e6 8. Nbd2
Be7 9. Bf1 Ne5 10. a4 O-O 11. b4 1/2-1/2

[Event "VIII Festival A"]
[Site "Cesenatico ITA"]
[Date "2003.09.03"]
[Round "5"]
[White "Lagrotteria, Salvatore"]
[Black "Voltolini, Giuseppe"]
[Result "1/2-1/2"]
[WhiteElo "2175"]
[BlackElo "2254"]
[PlyCount "62"]
[EventDate "2003.08.31"]

1. d4 d5 2. Nf3 Nc6 3. Bf4 Bg4 4. Nbd2 e6 5. h3 Bh5 6. c3 Nf6 7. e3 Bd6 8. Bxd6
Qxd6 9. Qa4 O-O 10. Bb5 Nd7 11. Bxc6 bxc6 12. O-O c5 13. b3 a5 14. Rac1 Rfc8
15. c4 c6 16. Qa3 Qf8 17. Rc3 Bxf3 18. Nxf3 cxd4 19. Qxf8+ Kxf8 20. Nxd4 e5 21.
Nf3 f6 22. cxd5 cxd5 23. Rfc1 Nb6 24. Rc6 Ke7 25. R1c5 Rxc6 26. Rxc6 Ra6 27.
Rc7+ Nd7 28. Kf1 Kd8 29. Rc2 Nb6 30. Nd2 Kd7 31. Ke2 Ra7 1/2-1/2

[Event "VIII Festival A"]
[Site "Cesenatico ITA"]
[Date "2003.09.03"]
[Round "5"]
[White "Molina, Fabrizio"]
[Black "Freuler, Roman"]
[Result "1-0"]
[WhiteElo "2249"]
[BlackElo "2121"]
[PlyCount "45"]
[EventDate "2003.08.31"]

1. c4 e5 2. g3 Nc6 3. Bg2 d6 4. Nc3 f5 5. d3 Nf6 6. Nf3 g6 7. Rb1 Bg7 8. O-O
O-O 9. Ne1 f4 10. gxf4 Nh5 11. fxe5 Bxe5 12. Bd5+ Kg7 13. e3 Qh4 14. f4 Rxf4
15. Rxf4 Nxf4 16. exf4 Bd4+ 17. Kh1 Qf2 18. Ng2 Nb4 19. Ne4 Nxd3 20. Be3 Qxe3
21. Nxe3 Bxe3 22. Qxd3 Bxf4 23. Rf1 1-0